Catálogo
 En Linea

Los exploradores : (Registro nro. 45292)

Detalles MARC
000 -CABECERA
campo de control de longitud fija 00695nam a2200181 a 4500
001 - NÚMERO DE CONTROL
campo de control 000045803
005 - FECHA Y HORA DE LA ÚLTIMA TRANSACCIÓN
campo de control 20201002052443.0
008 - DATOS DE LONGITUD FIJA--INFORMACIÓN GENERAL
campo de control de longitud fija 150515s2004 dr a 000 0 spa d
040 ## - FUENTE DE LA CATALOGACIÓN
Centro catalogador/agencia de origen DO-SdBNP
Lengua de catalogación spa
Centro/agencia transcriptor BNPHU
041 17 - CÓDIGO DE LENGUA
Código de lengua del texto/banda sonora o título independiente eng
Código de lengua original spa
082 ## - NÚMERO DE LA CLASIFICACIÓN DECIMAL DEWEY
Número de clasificación xxxx
Número de documento/Ítem xxxx
100 1# - ENTRADA PRINCIPAL--NOMBRE DE PERSONA
Nombre de persona Miura, Iván
9 (RLIN) 57566
245 14 - MENCIÓN DE TÍTULO
Título Los exploradores :
Resto del título primeros monumentos de américa = First monuments in of américas /
Mención de responsabilidad, etc. Iván Miura ; traducción Ramón Cedano Melo ; diseño y realización Heidi Santana ; ilustración Hansel Duarte.
260 ## - PUBLICACIÓN, DISTRIBUCIÓN, ETC.
Lugar de publicación, distribución, etc. Santo Domingo :
Nombre del editor, distribuidor, etc. Ediciones Discovery,
Fecha de publicación, distribución, etc. s. f.
300 ## - DESCRIPCIÓN FÍSICA
Extensión 12 p. :
Otras características físicas il. ;
Dimensiones 28 cm.
700 12 - PUNTO DE ACCESO ADICIONAL--NOMBRE DE PERSONA
Nombre de persona Cedano Melo, Ramón,
Término indicativo de función/relación tr.
9 (RLIN) 1744
700 12 - PUNTO DE ACCESO ADICIONAL--NOMBRE DE PERSONA
Nombre de persona Duarte, Hansel,
Término indicativo de función/relación il.
9 (RLIN) 73880
Existencias
Estado de retiro Estado de pérdida No para préstamo Código de colección Localización permanente Ubicación/localización actual Ubicación en estantería Fecha de adquisición Número de inventario Total de préstamos Signatura topográfica completa Código de barras Fecha visto por última vez Precio válido a partir de Tipo de ítem Koha Número de copia
    Excluido de préstamo Patrimonio Dominicano Patrimonio Dominicano Patrimonio Dominicano Depósito 15.05.2015 LF1   xxxx xxxx 45803-10 25.06.2020 25.06.2020 Libro y Folleto Colección Patrimonio Dominicano  
    Excluido de préstamo Patrimonio Dominicano Patrimonio Dominicano Patrimonio Dominicano Depósito 15.05.2015 LF1   xxxx xxxx 45803-20 25.06.2020 25.06.2020 Libro y Folleto Colección Patrimonio Dominicano e. 2

Con tecnología Koha